| 000 | 01381nam a2200277 i 4500 | ||
|---|---|---|---|
| 001 | 67009 | ||
| 003 | ES-MaACL | ||
| 005 | 20250208063119.0 | ||
| 007 | t| | ||
| 008 | 040430s1994 sp a |||| | spa d | ||
| 080 | _a737.1.03(460.226) | ||
| 080 | _a904(460.226) | ||
| 100 | 1 |
_aTuriel, Max, _d1955- _9151274 |
|
| 245 | 1 | 0 |
_aInventario de hallazgos monetarios en El Poyo anteriores y posteriores a Octavio Augusto y otros estudios arqueológicos / _c[Maximino Turiel Ibáñez]. |
| 260 |
_a[Madrid : _bM. Turiel] ; _aCalamocha, Teruel : _bCentro de Estudios del Jiloca, _c1994. |
||
| 300 |
_a1 v. (pag. var.) : _bil. ; _c23 cm. |
||
| 505 | 8 | _aContiene: Inventario de hallazgos monetarios en la zona arqueológica de El Poyo (Calamocha, Teruel) ; Estudio de tres amuletos fálicos procedentes de la Masada de Vallejo (Calamocha, Teruel) ; Contribuciones al estudio de la circulación monetaria ibérica y romana en la comarca de Calamocha (Teruel) ; Inventario de hallazgos monetaros en el Poyo, addenda III | |
| 650 | 4 |
_aMonedas ibéricas- _zTeruel (Provincia) _915164 |
|
| 650 | 4 |
_aMonedas romanas- _zTeruel (Provincia) _915167 |
|
| 650 |
_aAmuletos. _99760 |
||
| 651 | 4 |
_aTeruel (Provincia)- _xRestos arqueológicos. _9151275 |
|
| 710 | 2 |
_aCentro de Estudios del Jiloca. _9151276 |
|
| 852 | 4 |
_aES-MaACL _j2169-F-4 |
|
| 942 | _2udc | ||
| 999 |
_c67009 _d67009 |
||